000 00338nam a2200133Ia 4500
008 240112s1949 JULY-DEC xx 000 0 und d
041 _aeng
082 _a617.05
100 _aWALTERS W.
245 _aARCHIVES OF SURGERY
260 _bAMERICAN MEDICAL ASSOCIATION
_c1949 JULY-DEC
300 _a1382,HB
_c(7-12)
440 _v59
999 _c1141361
_d1141361